| 000 | 00697nam a2200205Ia 4500 | ||
|---|---|---|---|
| 001 | 5470 | ||
| 003 | GE_BSU | ||
| 008 | 181216s||||||||xx |||||||||||||| ||und|| | ||
| 040 | _cGE_BSU | ||
| 080 | _a517.97 | ||
| 100 | _aЗейферт Г., Трельфалль В. | ||
| 245 | _aВариационное исчисление в целом. Variationsrechnung Im Grossen. | ||
| 245 | _cПер. с немецкого В.А. Рохлина | ||
| 260 | _aМосква | ||
| 260 | _bГосиздат. иностр. лит-ры | ||
| 260 | _c1947 | ||
| 300 | _a146 с. 22 см. | ||
| 653 | _aВариационное исчисление в целом. Variationsrechnung Im Grossen. | ||
| 942 | _cBK | ||
| 999 |
_c38996 _d38996 |
||